[Event "6th Ferdowsi International Chess Open Tournament"]
[Site "Mashhad"]
[Date "2016.01.30"]
[Round "3"]
[Board "7"]
[White "Bocharov, Dmitry"]
[Black "Kazemiyan Eski, Abolfazl"]
[Result "1/2-1/2"]
[WhiteElo "2567"]
[BlackElo "2093"]
[PlyCount "0"]
[EventDate "2016.01.29"]
[EventRounds "9"]
[EventCountry "IRI"]

1. d4 {[%clk 1:30:49]} g6 {[%clk 1:14:13]} 2. e4 {[%clk 1:30:38]} Bg7
{[%clk 1:14:30]} 3. Nc3 {[%clk 1:30:19]} d6 {[%clk 1:14:40]} 4. f4
{[%clk 1:28:05]} Nd7 {[%clk 1:11:31]} 5. Nf3 {[%clk 1:27:05]} c5 {[%clk 1:09:23]}
6. Be3 {[%clk 1:26:47]} b6 {[%clk 1:05:18]} 7. Bc4 {[%clk 1:17:30]} Ngf6
{[%clk 1:02:01]} 8. h3 {[%clk 1:13:01]} O-O {[%clk 0:57:31]} 9. O-O
{[%clk 1:12:38]} cxd4 {[%clk 0:57:01]} 10. Bxd4 {[%clk 1:12:56]} Qc7
{[%clk 0:55:44]} 11. Bd5 {[%clk 0:59:17]} Bb7 {[%clk 0:51:57]} 12. Bxb7
{[%clk 0:52:52]} Qxb7 {[%clk 0:51:36]} 13. e5 {[%clk 0:53:15]} dxe5
{[%clk 0:38:50]} 14. fxe5 {[%clk 0:53:38]} Ne4 {[%clk 0:38:49]} 15. Nxe4
{[%clk 0:52:15]} Qxe4 {[%clk 0:38:53]} 16. Re1 {[%clk 0:52:14]} Qd5
{[%clk 0:34:10]} 17. e6 {[%clk 0:51:25]} Nf6 {[%clk 0:32:44]} 18. exf7+
{[%clk 0:50:15]} Rxf7 {[%clk 0:32:37]} 19. c4 {[%clk 0:49:37]} Qd6
{[%clk 0:31:40]} 20. Ng5 {[%clk 0:49:39]} Ng4 {[%clk 0:31:21]} 21. Qxg4
{[%clk 0:43:09]} Qxd4+ {[%clk 0:30:57]} 22. Kh1 {[%clk 0:25:46]} Qxg4
{[%clk 0:30:09]} 23. hxg4 {[%clk 0:26:09]} Bxb2 {[%clk 0:26:37]} 24. Nxf7
{[%clk 0:17:26]} Bxa1 {[%clk 0:26:50]} 25. Rxe7 {[%clk 0:17:05]} Bf6
{[%clk 0:22:34]} 26. Rb7 {[%clk 0:13:05]} Bg7 {[%clk 0:17:08]} 27. Ng5
{[%clk 0:05:48]} Re8 {[%clk 0:15:59]} 28. Rxa7 {[%clk 0:04:27]} Re1+
{[%clk 0:15:17]} 29. Kh2 {[%clk 0:04:33]} Be5+ {[%clk 0:14:36]} 30. g3
{[%clk 0:04:50]} Re2+ {[%clk 0:14:56]} 31. Kh3 {[%clk 0:04:34]} Re3
{[%clk 0:14:42]} 32. Nxh7 {[%clk 0:04:06]} Rxg3+ {[%clk 0:14:59]} 33. Kh4
{[%clk 0:04:25]} Rc3 {[%clk 0:13:32]} 34. Kg5 {[%clk 0:03:11]} Rxc4
{[%clk 0:12:07]} 35. Kxg6 {[%clk 0:02:47]} Rc6+ {[%clk 0:12:33]} 36. Kf5
{[%clk 0:02:23]} Bg7 {[%clk 0:12:39]} 37. Ng5 {[%clk 0:01:39]} Rc5+
{[%clk 0:12:59]} 38. Kg6 {[%clk 0:01:46]} Rc6+ {[%clk 0:13:25]} 39. Kf5
{[%clk 0:02:05]} Rc5+ {[%clk 0:13:50]} 40. Kg6 {[%clk 0:01:00]} Rc6+
{[%clk 0:14:16]} 41. Kf5 {[%clk 0:01:23]} 1/2-1/2

[Event "6th Ferdowsi International Chess Open Tournament"]
[Site "Mashhad"]
[Date "2016.01.30"]
[Round "3"]
[Board "8"]
[White "Amini, Amer"]
[Black "Zubarev, Alexander"]
[Result "0-1"]
[WhiteElo "2111"]
[BlackElo "2553"]
[PlyCount "0"]
[EventDate "2016.01.29"]
[EventRounds "9"]
[EventCountry "IRI"]

1. c4 {[%clk 1:29:40]} b6 {[%clk 1:29:57]} 2. Nf3 {[%clk 1:26:06]} Bb7
{[%clk 1:30:22]} 3. g3 {[%clk 1:26:31]} Bxf3 {[%clk 1:30:21]} 4. exf3
{[%clk 1:26:58]} c5 {[%clk 1:30:31]} 5. Bg2 {[%clk 1:25:11]} Nc6 {[%clk 1:30:55]}
6. O-O {[%clk 1:24:49]} g6 {[%clk 1:29:31]} 7. Nc3 {[%clk 1:24:46]} Bg7
{[%clk 1:29:48]} 8. f4 {[%clk 1:24:03]} Nh6 {[%clk 1:29:43]} 9. Re1
{[%clk 1:18:43]} O-O {[%clk 1:26:33]} 10. d3 {[%clk 1:18:49]} Nf5
{[%clk 1:25:53]} 11. Be3 {[%clk 1:18:24]} e6 {[%clk 1:25:40]} 12. Qd2
{[%clk 1:16:42]} Rc8 {[%clk 1:24:41]} 13. Rad1 {[%clk 1:16:01]} d6
{[%clk 1:20:22]} 14. b3 {[%clk 1:08:36]} Qd7 {[%clk 1:19:20]} 15. Qc1
{[%clk 0:59:31]} Rfd8 {[%clk 1:18:41]} 16. Ne2 {[%clk 0:57:00]} d5
{[%clk 1:17:38]} 17. Qb1 {[%clk 0:51:53]} Nce7 {[%clk 1:11:23]} 18. Bd2
{[%clk 0:46:03]} Nd4 {[%clk 0:59:42]} 19. Nxd4 {[%clk 0:45:52]} Bxd4
{[%clk 1:00:05]} 20. Bf3 {[%clk 0:35:13]} Rc6 {[%clk 0:57:49]} 21. b4
{[%clk 0:28:07]} Rd6 {[%clk 0:56:20]} 22. bxc5 {[%clk 0:28:13]} bxc5
{[%clk 0:56:24]} 23. Be3 {[%clk 0:27:17]} Rb6 {[%clk 0:52:29]} 24. Qc1
{[%clk 0:26:59]} Bxe3 {[%clk 0:46:00]} 25. Qxe3 {[%clk 0:25:58]} Qd6
{[%clk 0:42:19]} 26. cxd5 {[%clk 0:19:40]} Nxd5 {[%clk 0:41:25]} 27. Bxd5
{[%clk 0:20:06]} Qxd5 {[%clk 0:41:37]} 28. Rc1 {[%clk 0:20:25]} Rb5
{[%clk 0:34:01]} 29. Red1 {[%clk 0:16:39]} Qf5 {[%clk 0:25:51]} 30. d4
{[%clk 0:14:34]} Qd5 {[%clk 0:26:03]} 31. Qe2 {[%clk 0:14:26]} cxd4
{[%clk 0:22:29]} 32. Rxd4 {[%clk 0:14:46]} Qxd4 {[%clk 0:22:44]} 33. Qxb5
{[%clk 0:15:14]} Qd2 {[%clk 0:22:42]} 34. Qc4 {[%clk 0:12:34]} Qb2
{[%clk 0:20:41]} 35. a4 {[%clk 0:08:40]} Rd2 {[%clk 0:19:21]} 36. Rf1
{[%clk 0:04:22]} Qd4 {[%clk 0:17:03]} 37. Qb3 {[%clk 0:02:50]} h5
{[%clk 0:17:06]} 38. h4 {[%clk 0:02:02]} Kg7 {[%clk 0:16:41]} 39. Qb5
{[%clk 0:00:48]} Rb2 {[%clk 0:15:33]} 40. Qc6 {[%clk 0:00:44]} Ra2
{[%clk 0:15:24]} 41. a5 {[%clk 0:00:37]} Rxa5 {[%clk 0:15:41]} 42. Qc2
{[%clk 0:00:49]} Ra1 {[%clk 0:13:17]} 0-1

[Event "6th Ferdowsi International Chess Open Tournament"]
[Site "Mashhad"]
[Date "2016.01.30"]
[Round "3"]
[Board "9"]
[White "Gagunashvili, Merab"]
[Black "Ansar Jaafari, Abbas"]
[Result "1-0"]
[WhiteElo "2541"]
[BlackElo "2066"]
[PlyCount "0"]
[EventDate "2016.01.29"]
[EventRounds "9"]
[EventCountry "IRI"]

1. e4 {[%clk 1:30:52]} Nc6 {[%clk 1:30:59]} 2. d4 {[%clk 1:30:36]} e5
{[%clk 1:28:55]} 3. d5 {[%clk 1:28:45]} Nce7 {[%clk 1:28:49]} 4. Nf3
{[%clk 1:27:03]} Ng6 {[%clk 1:28:56]} 5. Be3 {[%clk 1:27:22]} Nf6
{[%clk 1:26:41]} 6. Nfd2 {[%clk 1:27:46]} Bb4 {[%clk 1:26:49]} 7. c3
{[%clk 1:27:47]} Be7 {[%clk 1:26:44]} 8. Be2 {[%clk 1:27:46]} d6 {[%clk 1:26:59]}
9. c4 {[%clk 1:27:53]} a6 {[%clk 1:23:51]} 10. Nc3 {[%clk 1:26:04]} O-O
{[%clk 1:22:29]} 11. g3 {[%clk 1:10:13]} Bh3 {[%clk 1:20:52]} 12. Rg1
{[%clk 1:09:53]} Bd7 {[%clk 1:20:54]} 13. h4 {[%clk 1:09:52]} Ne8
{[%clk 1:17:22]} 14. Bg4 {[%clk 1:08:33]} Qc8 {[%clk 1:15:11]} 15. Bxd7
{[%clk 1:08:29]} Qxd7 {[%clk 1:15:30]} 16. Qe2 {[%clk 1:06:23]} Nh8
{[%clk 1:09:47]} 17. O-O-O {[%clk 1:05:28]} c6 {[%clk 1:08:53]} 18. dxc6
{[%clk 1:02:49]} bxc6 {[%clk 1:07:47]} 19. c5 {[%clk 1:02:00]} Qb7
{[%clk 1:05:09]} 20. Nc4 {[%clk 1:00:46]} dxc5 {[%clk 0:53:07]} 21. Nxe5
{[%clk 1:00:57]} Nf6 {[%clk 0:52:47]} 22. g4 {[%clk 0:58:28]} Rfd8
{[%clk 0:52:24]} 23. g5 {[%clk 0:58:49]} Ne8 {[%clk 0:52:22]} 24. h5
{[%clk 0:58:58]} Rxd1+ {[%clk 0:48:57]} 25. Rxd1 {[%clk 0:59:22]} Rd8
{[%clk 0:49:11]} 26. Rxd8 {[%clk 0:59:05]} Bxd8 {[%clk 0:49:18]} 27. Qd1
{[%clk 0:58:33]} Be7 {[%clk 0:41:05]} 28. Qa4 {[%clk 0:58:52]} Nd6
{[%clk 0:39:28]} 29. Qxc6 {[%clk 0:58:28]} f6 {[%clk 0:33:50]} 30. gxf6
{[%clk 0:53:13]} gxf6 {[%clk 0:33:35]} 31. Qxb7 {[%clk 0:53:20]} Nxb7
{[%clk 0:33:53]} 32. Nd7 {[%clk 0:53:42]} Kf7 {[%clk 0:32:59]} 33. Nd5
{[%clk 0:54:09]} Ke6 {[%clk 0:32:42]} 34. Nxe7 {[%clk 0:54:34]} Kxd7
{[%clk 0:32:54]} 35. Nd5 {[%clk 0:54:56]} f5 {[%clk 0:31:57]} 36. exf5
{[%clk 0:55:15]} Kd6 {[%clk 0:32:25]} 37. Nf6 {[%clk 0:55:21]} Ke5
{[%clk 0:32:39]} 38. Nxh7 {[%clk 0:55:44]} Kxf5 {[%clk 0:32:48]} 39. Ng5
{[%clk 0:55:41]} Nd8 {[%clk 0:32:32]} 40. Kc2 {[%clk 0:55:59]} Nc6
{[%clk 0:32:14]} 41. Nf3 {[%clk 0:54:34]} Kg4 {[%clk 0:31:48]} 42. Nd2
{[%clk 0:54:51]} Kxh5 {[%clk 0:32:04]} 43. Bxc5 {[%clk 0:55:16]} Nf7
{[%clk 0:32:22]} 44. Nf3 {[%clk 0:55:03]} Kg4 {[%clk 0:32:18]} 45. Nd4
{[%clk 0:55:28]} Nce5 {[%clk 0:32:23]} 46. b4 {[%clk 0:55:51]} Kf4
{[%clk 0:32:42]} 47. Ne6+ {[%clk 0:55:59]} 1-0

[Event "6th Ferdowsi International Chess Open Tournament"]
[Site "Mashhad"]
[Date "2016.01.30"]
[Round "3"]
[Board "10"]
[White "Bakhtiari Kish, Mazdak"]
[Black "Mirzoev, Azer"]
[Result "0-1"]
[WhiteElo "2067"]
[BlackElo "2539"]
[PlyCount "0"]
[EventDate "2016.01.29"]
[EventRounds "9"]
[EventCountry "IRI"]

1. d4 {[%clk 1:30:53]} d5 {[%clk 1:28:27]} 2. Nf3 {[%clk 1:30:56]} Nf6
{[%clk 1:28:43]} 3. e3 {[%clk 1:30:34]} Bg4 {[%clk 1:28:56]} 4. h3
{[%clk 1:30:09]} Bh5 {[%clk 1:29:21]} 5. c4 {[%clk 1:25:03]} c6 {[%clk 1:29:33]}
6. g4 {[%clk 1:25:17]} Bg6 {[%clk 1:29:53]} 7. Ne5 {[%clk 1:24:38]} e6
{[%clk 1:30:16]} 8. Qb3 {[%clk 1:22:40]} Qb6 {[%clk 1:28:28]} 9. Nxg6
{[%clk 1:14:14]} hxg6 {[%clk 1:28:03]} 10. Bg2 {[%clk 1:14:42]} Nbd7
{[%clk 1:28:02]} 11. Nc3 {[%clk 1:13:20]} Be7 {[%clk 1:26:22]} 12. Bd2
{[%clk 1:00:08]} Qa6 {[%clk 1:20:43]} 13. Bf1 {[%clk 0:54:41]} Qb6
{[%clk 1:18:54]} 14. Bg2 {[%clk 0:54:55]} O-O-O {[%clk 1:18:48]} 15. O-O-O
{[%clk 0:48:00]} Kb8 {[%clk 1:17:45]} 16. Kb1 {[%clk 0:46:04]} g5
{[%clk 1:16:58]} 17. Ka1 {[%clk 0:33:38]} Qxb3 {[%clk 1:16:04]} 18. axb3
{[%clk 0:34:06]} Nf8 {[%clk 1:15:59]} 19. e4 {[%clk 0:28:10]} Nxe4
{[%clk 1:15:39]} 20. Nxe4 {[%clk 0:28:29]} dxe4 {[%clk 1:15:31]} 21. Bxe4
{[%clk 0:28:23]} Nd7 {[%clk 1:06:15]} 22. Ba5 {[%clk 0:23:04]} Rde8
{[%clk 1:05:03]} 23. Rd3 {[%clk 0:21:03]} Bd6 {[%clk 1:02:39]} 24. Bd2
{[%clk 0:18:53]} Bf4 {[%clk 1:02:16]} 25. Bxf4+ {[%clk 0:13:19]} gxf4
{[%clk 1:02:38]} 26. b4 {[%clk 0:13:45]} g5 {[%clk 1:01:39]} 27. Rc1
{[%clk 0:12:29]} Rd8 {[%clk 0:59:02]} 28. b5 {[%clk 0:09:39]} cxb5
{[%clk 0:37:53]} 29. Rb3 {[%clk 0:09:55]} Nb6 {[%clk 0:26:39]} 30. Rxb5
{[%clk 0:07:21]} Rxd4 {[%clk 0:26:38]} 31. f3 {[%clk 0:07:24]} f6
{[%clk 0:25:29]} 32. b3 {[%clk 0:03:09]} Rxh3 {[%clk 0:19:46]} 33. Re1
{[%clk 0:02:46]} Rh2 {[%clk 0:18:38]} 34. Kb1 {[%clk 0:03:14]} Rdd2
{[%clk 0:12:14]} 35. Kc1 {[%clk 0:03:26]} Ra2 {[%clk 0:11:52]} 36. Rd1
{[%clk 0:02:01]} Ra1+ {[%clk 0:11:52]} 37. Bb1 {[%clk 0:02:29]} Nc8
{[%clk 0:11:23]} 38. Rc5 {[%clk 0:02:24]} Ra6 {[%clk 0:02:47]} 39. Be4
{[%clk 0:02:32]} Nd6 {[%clk 0:02:19]} 40. Kb1 {[%clk 0:02:35]} Rb6
{[%clk 0:02:22]} 41. Bc2 {[%clk 0:02:32]} a6 {[%clk 0:02:19]} 42. Kc1
{[%clk 0:02:02]} Rh8 {[%clk 0:01:51]} 43. Re1 {[%clk 0:02:00]} Nf7
{[%clk 0:02:05]} 44. Kb2 {[%clk 0:01:36]} Ne5 {[%clk 0:02:03]} 45. Rcxe5
{[%clk 0:00:45]} fxe5 {[%clk 0:02:28]} 46. Rxe5 {[%clk 0:01:14]} Rg8
{[%clk 0:02:52]} 47. c5 {[%clk 0:01:23]} Rc6 {[%clk 0:02:49]} 48. Be4
{[%clk 0:01:51]} Rc7 {[%clk 0:03:11]} 49. b4 {[%clk 0:02:10]} Re7
{[%clk 0:03:16]} 50. Kc3 {[%clk 0:02:15]} Kc7 {[%clk 0:03:44]} 51. Kc4
{[%clk 0:02:32]} Rgg7 {[%clk 0:03:30]} 52. Kc3 {[%clk 0:02:30]} Re8
{[%clk 0:03:44]} 53. Kc4 {[%clk 0:01:52]} Kd8 {[%clk 0:04:05]} 54. c6
{[%clk 0:01:06]} b6 {[%clk 0:04:11]} 55. b5 {[%clk 0:01:29]} a5 {[%clk 0:03:56]}
56. Bc2 {[%clk 0:01:38]} Kc7 {[%clk 0:04:22]} 57. Kd4 {[%clk 0:00:49]} Rd8+
{[%clk 0:04:46]} 58. Kc4 {[%clk 0:01:03]} Rd2 {[%clk 0:05:00]} 59. Kc3
{[%clk 0:00:50]} Rd5 {[%clk 0:05:05]} 60. Rxe6 {[%clk 0:00:44]} Rxb5
{[%clk 0:05:25]} 61. Ba4 {[%clk 0:00:37]} Rb1 {[%clk 0:04:45]} 62. Bc2
{[%clk 0:00:37]} Rf1 {[%clk 0:04:33]} 63. Be4 {[%clk 0:01:02]} Rc1+
{[%clk 0:04:53]} 64. Kb3 {[%clk 0:01:06]} b5 {[%clk 0:04:37]} 65. Re8
{[%clk 0:00:32]} Rc4 {[%clk 0:04:38]} 66. Ra8 {[%clk 0:00:42]} a4+
{[%clk 0:04:26]} 67. Kb2 {[%clk 0:00:44]} Rxe4 {[%clk 0:04:28]} 0-1

[Event "6th Ferdowsi International Chess Open Tournament"]
[Site "Mashhad"]
[Date "2016.01.30"]
[Round "3"]
[Board "11"]
[White "Chigaev, Maksim"]
[Black "Ghaffarifar, Matin"]
[Result "1/2-1/2"]
[WhiteElo "2526"]
[BlackElo "2054"]
[PlyCount "0"]
[EventDate "2016.01.29"]
[EventRounds "9"]
[EventCountry "IRI"]

1. e4 {[%clk 1:30:55]} e6 {[%clk 1:29:43]} 2. d4 {[%clk 1:31:15]} d5
{[%clk 1:29:59]} 3. Nd2 {[%clk 1:31:38]} Nf6 {[%clk 1:30:14]} 4. e5
{[%clk 1:31:59]} Nfd7 {[%clk 1:30:36]} 5. Bd3 {[%clk 1:32:10]} c5
{[%clk 1:30:52]} 6. c3 {[%clk 1:32:33]} Nc6 {[%clk 1:31:12]} 7. Ne2
{[%clk 1:31:13]} cxd4 {[%clk 1:31:06]} 8. cxd4 {[%clk 1:31:36]} f6
{[%clk 1:31:32]} 9. exf6 {[%clk 1:31:51]} Qxf6 {[%clk 1:30:30]} 10. Nf3
{[%clk 1:32:06]} h6 {[%clk 1:30:56]} 11. O-O {[%clk 1:32:25]} Bd6
{[%clk 1:31:12]} 12. Ng3 {[%clk 1:31:52]} O-O {[%clk 1:28:09]} 13. Be3
{[%clk 1:29:24]} Rd8 {[%clk 1:27:11]} 14. Rc1 {[%clk 1:29:11]} Nf8
{[%clk 1:27:28]} 15. h3 {[%clk 1:17:44]} Bd7 {[%clk 1:23:07]} 16. Nh2
{[%clk 1:17:10]} e5 {[%clk 1:09:44]} 17. dxe5 {[%clk 1:17:01]} Nxe5
{[%clk 0:50:51]} 18. Bd4 {[%clk 1:14:19]} Qf7 {[%clk 0:48:17]} 19. Be2
{[%clk 1:12:07]} Ne6 {[%clk 0:39:47]} 20. Bxe5 {[%clk 1:00:08]} Bxe5
{[%clk 0:39:57]} 21. Ng4 {[%clk 1:00:28]} Bxb2 {[%clk 0:29:02]} 22. Rb1
{[%clk 1:00:49]} Bd4 {[%clk 0:28:30]} 23. Rxb7 {[%clk 1:00:10]} Rab8
{[%clk 0:23:38]} 24. Rxb8 {[%clk 0:59:56]} Rxb8 {[%clk 0:23:56]} 25. Bf3
{[%clk 1:00:09]} Bc6 {[%clk 0:22:13]} 26. Ne2 {[%clk 0:58:51]} Rb4
{[%clk 0:21:29]} 27. Qd2 {[%clk 0:54:31]} Rb2 {[%clk 0:19:30]} 28. Qd1
{[%clk 0:52:06]} Rb4 {[%clk 0:18:50]} 29. a3 {[%clk 0:51:25]} Rc4
{[%clk 0:18:06]} 30. Kh1 {[%clk 0:48:12]} Qb7 {[%clk 0:17:11]} 31. Qd3
{[%clk 0:47:26]} Kh8 {[%clk 0:05:21]} 32. Rb1 {[%clk 0:44:51]} Qc7
{[%clk 0:05:47]} 33. Qf5 {[%clk 0:40:18]} Qd6 {[%clk 0:05:46]} 34. Qg6
{[%clk 0:40:12]} Bb6 {[%clk 0:04:06]} 35. Ng3 {[%clk 0:36:56]} 1/2-1/2

[Event "6th Ferdowsi International Chess Open Tournament"]
[Site "Mashhad"]
[Date "2016.01.30"]
[Round "3"]
[Board "12"]
[White "Oliyazade, Pooya"]
[Black "Rasulov, Vugar"]
[Result "0-1"]
[WhiteElo "2057"]
[BlackElo "2493"]
[PlyCount "0"]
[EventDate "2016.01.29"]
[EventRounds "9"]
[EventCountry "IRI"]

1. e4 {[%clk 1:30:47]} e5 {[%clk 1:30:14]} 2. Nf3 {[%clk 1:31:06]} Nc6
{[%clk 1:30:28]} 3. Bb5 {[%clk 1:31:23]} a6 {[%clk 1:30:40]} 4. Ba4
{[%clk 1:31:47]} Nf6 {[%clk 1:31:00]} 5. d3 {[%clk 1:31:29]} b5 {[%clk 1:31:06]}
6. Bb3 {[%clk 1:31:54]} Be7 {[%clk 1:31:31]} 7. O-O {[%clk 1:31:32]} O-O
{[%clk 1:31:55]} 8. Qe2 {[%clk 1:30:56]} d6 {[%clk 1:31:59]} 9. c3
{[%clk 1:31:04]} Na5 {[%clk 1:31:40]} 10. Bc2 {[%clk 1:29:38]} c5
{[%clk 1:31:55]} 11. Rd1 {[%clk 1:29:42]} Nc6 {[%clk 1:31:49]} 12. Nbd2
{[%clk 1:28:56]} h6 {[%clk 1:31:14]} 13. Nf1 {[%clk 1:29:15]} Re8
{[%clk 1:31:34]} 14. a4 {[%clk 1:24:57]} Be6 {[%clk 1:30:00]} 15. h3
{[%clk 1:11:33]} Bf8 {[%clk 1:30:14]} 16. g4 {[%clk 1:06:07]} d5 {[%clk 1:18:11]}
17. Ng3 {[%clk 1:00:13]} b4 {[%clk 1:16:24]} 18. g5 {[%clk 0:50:15]} hxg5
{[%clk 1:12:49]} 19. Nxg5 {[%clk 0:50:20]} Qd7 {[%clk 1:13:15]} 20. Kh2
{[%clk 0:44:53]} Rab8 {[%clk 1:13:17]} 21. Rg1 {[%clk 0:44:18]} g6
{[%clk 1:13:30]} 22. Qf3 {[%clk 0:36:41]} Bg7 {[%clk 1:12:32]} 23. Nxe6
{[%clk 0:36:52]} Qxe6 {[%clk 1:12:32]} 24. Bg5 {[%clk 0:23:48]} bxc3
{[%clk 1:12:10]} 25. bxc3 {[%clk 0:24:02]} d4 {[%clk 1:11:29]} 26. c4
{[%clk 0:15:12]} Rb2 {[%clk 1:09:38]} 27. Bd1 {[%clk 0:15:02]} Reb8
{[%clk 1:09:38]} 28. h4 {[%clk 0:14:11]} Kf8 {[%clk 1:08:41]} 29. Rg2
{[%clk 0:06:37]} Nh7 {[%clk 1:05:56]} 30. Bc1 {[%clk 0:06:17]} Rb1
{[%clk 1:06:23]} 31. Rxb1 {[%clk 0:06:44]} Rxb1 {[%clk 1:06:48]} 32. Bd2
{[%clk 0:07:04]} Bf6 {[%clk 0:58:48]} 33. h5 {[%clk 0:03:30]} Ke7
{[%clk 0:59:10]} 34. hxg6 {[%clk 0:02:38]} fxg6 {[%clk 0:59:34]} 35. Nf1
{[%clk 0:02:38]} Qf7 {[%clk 0:58:52]} 36. Rg1 {[%clk 0:02:12]} Bh4
{[%clk 0:56:00]} 37. Qxf7+ {[%clk 0:01:12]} Kxf7 {[%clk 0:56:24]} 38. Bg4
{[%clk 0:00:54]} Bxf2 {[%clk 0:56:21]} 39. Rh1 {[%clk 0:01:04]} Nf6
{[%clk 0:56:29]} 40. Bc8 {[%clk 0:01:08]} Nb4 {[%clk 0:54:04]} 41. Kg2
{[%clk 0:01:10]} Be1 {[%clk 0:54:03]} 42. Bxb4 {[%clk 0:00:42]} Rxb4
{[%clk 0:54:27]} 43. Ne3 {[%clk 0:00:36]} dxe3 {[%clk 0:54:07]} 44. Rxe1
{[%clk 0:01:01]} Rxa4 {[%clk 0:54:32]} 45. Rxe3 {[%clk 0:01:27]} Ra2+
{[%clk 0:54:48]} 46. Kg1 {[%clk 0:01:18]} a5 {[%clk 0:54:18]} 0-1

[Event "6th Ferdowsi International Chess Open Tournament"]
[Site "Mashhad"]
[Date "2016.02.01"]
[Round "4"]
[Board "1"]
[White "Mirzoev, Azer"]
[Black "Guseinov, Gadir"]
[Result "0-1"]
[WhiteElo "2539"]
[BlackElo "2646"]
[PlyCount "0"]
[EventDate "2016.01.29"]
[EventRounds "9"]
[EventCountry "IRI"]

1. d4 {[%clk 1:27:22]} g6 2. c4 {[%clk 1:27:09]} Bg7 {[%clk 1:31:05]} 3. Nf3
{[%clk 1:27:22]} d6 {[%clk 1:30:41]} 4. g3 {[%clk 1:22:39]} Nd7 {[%clk 1:30:43]}
5. Bg2 {[%clk 1:23:02]} e5 {[%clk 1:31:04]} 6. Nc3 {[%clk 1:20:16]} Ne7
{[%clk 1:30:29]} 7. O-O {[%clk 1:20:37]} O-O {[%clk 1:30:50]} 8. e4
{[%clk 1:17:07]} exd4 {[%clk 1:29:41]} 9. Nxd4 {[%clk 1:17:28]} Nc6
{[%clk 1:29:49]} 10. Nde2 {[%clk 1:12:35]} Nc5 {[%clk 1:25:39]} 11. Be3
{[%clk 1:08:38]} a5 {[%clk 1:21:39]} 12. Rc1 {[%clk 1:03:37]} a4 {[%clk 1:16:24]}
13. Qd2 {[%clk 0:57:49]} Ne5 {[%clk 1:13:20]} 14. Nd5 {[%clk 0:49:15]} c6
{[%clk 1:08:57]} 15. Ndf4 {[%clk 0:49:23]} f5 {[%clk 1:08:08]} 16. exf5
{[%clk 0:47:22]} Bxf5 {[%clk 1:07:40]} 17. Nd4 {[%clk 0:46:11]} Bd7
{[%clk 1:04:22]} 18. b4 {[%clk 0:34:02]} axb3 {[%clk 1:04:42]} 19. axb3
{[%clk 0:34:28]} Ng4 {[%clk 0:57:10]} 20. Rcd1 {[%clk 0:28:30]} Nxe3
{[%clk 0:51:10]} 21. Qxe3 {[%clk 0:28:44]} Re8 {[%clk 0:50:50]} 22. Qd2
{[%clk 0:23:08]} Bg4 {[%clk 0:48:31]} 23. Rb1 {[%clk 0:19:11]} Ne4
{[%clk 0:46:13]} 24. Qd3 {[%clk 0:13:06]} Qb6 {[%clk 0:42:37]} 25. Bxe4
{[%clk 0:10:29]} Qxd4 {[%clk 0:42:07]} 26. Qxd4 {[%clk 0:05:54]} Bxd4
{[%clk 0:42:29]} 27. Bg2 {[%clk 0:06:19]} Ra2 {[%clk 0:41:08]} 28. Bh3
{[%clk 0:01:40]} Bxh3 {[%clk 0:40:22]} 29. Nxh3 {[%clk 0:02:08]} Ree2
{[%clk 0:39:03]} 30. Kg2 {[%clk 0:00:45]} Kg7 {[%clk 0:37:26]} 31. Rfe1
{[%clk 0:00:38]} Kf6 {[%clk 0:36:01]} 32. Rxe2 {[%clk 0:00:38]} Rxe2
{[%clk 0:36:25]} 33. Kf3 {[%clk 0:00:38]} Rd2 {[%clk 0:35:32]} 34. Ke4
{[%clk 0:00:37]} g5 {[%clk 0:35:32]} 35. g4 {[%clk 0:00:36]} Bxf2
{[%clk 0:33:42]} 36. Rf1 {[%clk 0:00:58]} d5+ {[%clk 0:33:51]} 37. cxd5
{[%clk 0:00:59]} cxd5+ {[%clk 0:34:16]} 38. Kf3 {[%clk 0:01:25]} Bb6
{[%clk 0:34:10]} 39. Kg3+ {[%clk 0:00:35]} Kg6 {[%clk 0:34:28]} 40. Rc1
{[%clk 0:00:37]} Rd3+ {[%clk 0:34:39]} 41. Kg2 {[%clk 0:01:05]} Rxb3
{[%clk 0:35:01]} 42. Ng1 {[%clk 0:00:36]} Bxg1 {[%clk 0:35:11]} 0-1